Music Quiz

Random Music or Artist Quiz

Technically Correct Band Names Quiz Stats

Quiz Updated Sep 20, 2015

Challenge
Share
Tweet
Embed
Score 0/25 Timer 03:00
6 Plays Today
Band (A) (A) or (B) % Correct
ACDC???
95.3%
MnM???
94.8%
Metallica???
92.4%
U-2???
87.8%
(Imagine) Dragons???
85.9%
The Doors.???
85.1%
The Who???
83.9%
KI$$???
82.7%
KORN???
80.1%
P!nk???
78.3%
will.i.am???
77.4%
Panic! At the Disco???
77.1%
WASP???
76.3%
Band (A) (A) or (B) % Correct
Linkin' Park???
73.1%
Mötley Cruë ???
69.4%
3OH!3???
69.1%
Was (Not Was)???
67.4%
Beyoncé???
66.3%
Magic!???
65.6%
fun.???
65%
Questlove????
62.3%
The (International) Noise Conspiracy???
62%
Guns N' Roses???
50.3%
Therapy? ???
44.8%
Sunn (((O)))???
38.5%

You're not logged in!

Compare scores with friends on all Sporcle quizzes.
Sign Up with Email
OR
Log In

You Might Also Like...

Show Comments

Extras

Top Quizzes Today


Score Distribution

Your Account Isn't Verified!

In order to create a playlist on Sporcle, you need to verify the email address you used during registration. Go to your Sporcle Settings to finish the process.